L'isola Di Arturo

Saved in:
Bibliografiske detaljer
Hovedforfatter: Elsa Morante
Format: Bog
Sprog:ukendt sprog
Udgivet: Mondatori Deagostini
Tags: Tilføj Tag
Ingen Tags, Vær først til at tagge denne postø!

MARC

LEADER 00000nam a2200000Ia 4500
001 R-255
003 CODICE-MESSINA
005 20260212102449.0
008 260211s9999 xx 000 0 und d
040 |c importazione_messina 
100 |a Elsa Morante 
245 0 |a L'isola Di Arturo 
260 |b Mondatori Deagostini 
942 |2 ddc  |c BK 
952 |0 0  |1 0  |2 ddc  |4 0  |6 SCAFFALE_3_000000000000000__LETTERATURA  |7 0  |9 31076  |a ME  |b ME  |d 2026-02-11  |l 0  |o SCAFFALE 3 - LETTERATURA  |p R-255  |r 2026-02-11 23:52:19  |w 2026-02-11  |x [REVISIONARE]  |y BK 
999 |c 26738  |d 26738